000 00482nam a2200181Ia 4500
001 3286
005 20260306145632.0
008 260306t2000||||xx |||||||||||||| ||spa||
041 _aESP
082 _a262.91
_bR27
100 _aRatzinger, Joseph [1927-...]
_eAUT
245 0 _aFe, verdad y cultura:
_breflexiones a propósito de la encíclica fides et ratio
260 _c2000
300 _a24 páginas :
_c21 cm.
650 _aGEN
654 _aCHU
942 _cLIB
_dJUS
_fJUS
_2ddc
_n
999 _c3286
_d3286